REVOLUCION Y DEMOCRACIA EN GRAMSCI

Guardat en:
Dades bibliogràfiques
Autor corporatiu: Cerroni, Umberto
Format: Llibre
Col·lecció:DE LA NATURALEZA DE LAS COSAS 16
Etiquetes: Afegir etiqueta
Sense etiquetes, Sigues el primer a etiquetar aquest registre!

MARC

LEADER 00000nam^a2200000^a^4500
001 000214852
005 20250521000000.0
009 20260526131634.55
035 |a 037841 
037 |a Acervo Xavier Clavigero 
082 |a 197. 6  |b CER 
110 |a Cerroni, Umberto 
245 1 0 |a REVOLUCION Y DEMOCRACIA EN GRAMSCI 
264 |a BARCELONA :  |b FONTAMARA,  |c 1976 
300 |a 203p. 
336 |a texto  |b txt  |2 rdacontenido 
337 |a sin mediación  |b n  |2 rdamedio 
338 |a volumen  |b nc  |2 rdasoporte 
440 |a DE LA NATURALEZA DE LAS COSAS 16 
649 |a XX 
910 |a Fondo General 
920 |a Impresos - Libros 
930 |a Colección General 
905 |a 101 
901 |a 037841  |b IT1  |c ACC  |i 037841  |u 20250521 
902 |a https://opac.biblio.iteso.mx/vufind/Record/000214852